| 000 | 00337nam a2200121Ia 4500 | ||
|---|---|---|---|
| 008 | 210430s9999 xx 000 0 und d | ||
| 082 | _a651.7 M9721 E | ||
| 100 |
_aHerta A . Murphy _9784 |
||
| 245 |
_aBusiness Communications _cHerta A . Murphy |
||
| 260 |
_aUniversity of South _bMc-Graw-Hill _c2011 |
||
| 300 | _a617p | ||
| 942 |
_cBK _2ddc |
||
| 999 |
_c564313 _d564313 |
||